BIBLIOTECA

SENCICO

Diseño de estructuras de contención (Registro nro. 1211)

Detalles MARC
000 -LEADER
fixed length control field 00667nam a2200241Ia 4500
005 - DATE AND TIME OF LATEST TRANSACTION
control field 20251020182503.0
008 - FIXED-LENGTH DATA ELEMENTS--GENERAL INFORMATION
fixed length control field 200515s9999 xx 000 0 und d
020 ## - INTERNATIONAL STANDARD BOOK NUMBER
International Standard Book Number 978-84-8448-655-8
082 ## - DEWEY DECIMAL CLASSIFICATION NUMBER
Classification number 625.737/O45
100 ## - MAIN ENTRY--PERSONAL NAME
Personal name Olmos Martínez, Pedro J.
245 #0 - TITLE STATEMENT
Title Diseño de estructuras de contención
260 ## - PUBLICATION, DISTRIBUTION, ETC.
Place of publication, distribution, etc. Valladolid
260 ## - PUBLICATION, DISTRIBUTION, ETC.
Name of publisher, distributor, etc. Secretariado de Publicaciones e Intercambio Editor
260 ## - PUBLICATION, DISTRIBUTION, ETC.
Date of publication, distribution, etc. 2011
300 ## - PHYSICAL DESCRIPTION
Extent 241 p.
300 ## - PHYSICAL DESCRIPTION
Other physical details il., tbl., graf.
490 ## - SERIES STATEMENT
Series statement MANUALES Y TEXTOS UNIVERSITARIOS. ARQUITECTURA, n° 7
500 ## - GENERAL NOTE
General note 1 ejemplar
650 ## - SUBJECT ADDED ENTRY--TOPICAL TERM
Topical term or geographic name entry element ESTRUCTURAS
650 ## - SUBJECT ADDED ENTRY--TOPICAL TERM
Topical term or geographic name entry element MUROS DE CONTENCION
942 ## - ADDED ENTRY ELEMENTS (KOHA)
Koha item type Libros
Existencias
Fecha de la última vez que lo usaron Pago total Signatura topográfica completa Código de barras Precio efectivo desde Tipo de documento Estado perdido Estado dañado No es para préstamo Retirado Ubicación permanente Ubicación actual Fecha de adquisición
15/05/2020   625.737/O45 Bib-Lima15051211 15/05/2020 Libros         Biblioteca Central Lima Biblioteca Central Lima 15/05/2020